000 02169cam a22004094a 4500
001 13761597
003 OSt
005 20140310181725.0
008 041026s2005 enk b 001 0 eng
010 _a 2004025418
015 _aGBA518276
_2bnb
016 7 _a013124471
_2Uk
020 _a0415334268 (hardback : alk. paper)
020 _a0415334276 (pbk. : alk. paper)
035 _a(OCoLC)ocm56834489
040 _aDLC
_cDLC
_dYDX
_dUKM
_dBAKER
_dIXA
_dPUL
_dVP@
_dYDXCP
_dLVB
_dDLC
042 _apcc
050 0 0 _aQH 309
_b.K79 2005
082 0 0 _aIB 570
_bSt2 2005
245 0 0 _aWhat scientists think /
_c[edited by] Jeremy Stangroom.
260 _aLondon ;
_aNew York :
_bRoutledge,
_c2005.
300 _axii, 194 p. ;
_c20 cm.
504 _aIncludes bibliographical references (p. [183]-186) and index.
505 0 _aIntroduction -- The interviews -- Darwinism and genes / Steve Jones -- Evolutionary psychology and the blank slate / Steven Pinker -- The human brain and consciousness / Susan Greenfield -- Science and the human animal / Kenan Malik -- Cybernetics and a post-human future / Kevin Warwick -- Psychiatry and schizophrenia / Robin Murray -- Microbiology, viruses and their threats / Dorothy Crawford -- On cancer research / Mike Stratton -- Animal experimentation, ethics and medical research / Colin Blakemore -- Science under threat / Norman Levitt -- Biodiversity / Edward O. Wilson -- Science: its dangers and its public / Martin Rees -- Further reading.
521 _aIB Students
_bLexile
541 _j1
562 _eFor circulation. 1 copy available in the collection
650 0 _aLife sciences
_vPopular works.
650 0 _aScience
_vPopular works.
650 0 _aScientists.
700 1 _aStangroom, Jeremy.
856 4 1 _3Table of contents
_uhttp://www.loc.gov/catdir/toc/ecip052/2004025418.html
856 4 2 _3Publisher description
_uhttp://www.loc.gov/catdir/enhancements/fy0651/2004025418-d.html
906 _a7
_bcbc
_corignew
_d1
_eecip
_f20
_gy-gencatlg
942 _2lcc
_cIB
_kIB
999 _c2173
_d2173